Online Catalogue and eLibrary

Bagawath Geethi (Record no. 4755)

MARC details
000 -LEADER
fixed length control field 00322nam a2200133Ia 4500
005 - DATE AND TIME OF LATEST TRANSACTION
control field 20250429064028.0
008 - FIXED-LENGTH DATA ELEMENTS--GENERAL INFORMATION
fixed length control field 240331s9999 xx 000 0 und d
082 ## - DDC Classification
Item Number - Author Mark PAR
Class No. 294
245 #0 - TITLE STATEMENT
Title Bagawath Geethi
260 ## - PUBLICATION, DISTRIBUTION, ETC.
Place of publication, distribution, etc. Chennai
Name of publisher, distributor, etc. Kizhakku Pathi[ppagam
Date of publication, distribution, etc. 2004
300 ## - PHYSICAL DESCRIPTION
Extent (e.g. Volumes, Pages etc.) 152 p .,
700 ## - ADDED ENTRY--PERSONAL NAME
Personal name Baradhie,M.
Relator term (Role) Editor
942 ## - Koha item type (Biblio)
Koha item type Books in Stacks (Lending)
Holdings
Lost status Damaged status Collection code Home library Current library Shelving location Date acquired Full call number Accession Number Item type
    Lending WERC Library WERC Library Social Science Cupboard 03/31/2024 294.5 PAR 6100 Books in Stacks (Lending)

© WERC Library